| 000 | 00321cam a22001217a 4500 | ||
|---|---|---|---|
| 008 | 180718b1928 xxu||||| |||| 00| 0 eng d | ||
| 082 | _aB5x42 M349 | ||
| 100 | _aMarriott, John A.R. | ||
| 245 |
_aHow we are governed _cby John A.R. Marriott |
||
| 260 |
_aLondon _bOUP _c1928 |
||
| 300 | _a112p. | ||
| 650 | _aU.K. - Government | ||
| 999 |
_c373064 _d373064 |
||